| 000 | 00472nam a22001817a 4500 | ||
|---|---|---|---|
| 003 | NUST - PNEC | ||
| 005 | 20170116181013.0 | ||
| 008 | 150913b xxu||||| |||| 00| 0 eng d | ||
| 020 | _a8185623651 | ||
| 040 | _cLIBRARY | ||
| 082 | _a621.38195 STO | ||
| 100 |
_910327 _aStone, Harold S. |
||
| 245 |
_aIntroduction to computer architecture _cHarold S. Stone |
||
| 250 | _a2nd ed. | ||
| 260 | _cc.1992 | ||
| 650 |
_910330 _aComputer architecture _xMIS |
||
| 942 |
_2ddc _cBK |
||
| 999 |
_c67183 _d67183 |
||